000 01080cam a2200277 a 4500
008
020 _a0727716921 (hbk.)
049 _aMAIN
090 _aTC401
_bWAT
110 2 _aBritish Dam Society.
_bConference
_n(7th :
_cUniversity of Stirling :
_d1992
245 0 0 _aWater resources and reservoir engineering :
_bproceedings of the Seventh Conference of the British Dam Society held at the University of Stirling, 24-27 June 1992 /
_cedited by Noel M. Parr, J. Andrew Charles, and Susan Walker.
260 _aLondon :
_bT. Telford,
_c1992.
300 _a424 p. :
_bill., maps ;
_c24 cm.
500 _aCover title: Water resources & reservoir engineering.
504 _aIncludes bibliographical references.
650 0 _aReservoirs
_xCongresses.
700 1 _aParr, Noel M.
700 1 _aCharles, J. Andrew.
700 1 _aWalker, Susan.
740 0 _aWater resources & reservoir engineering.
907 _a.b10173055
_b04-10-12
_c22-08-05
003
005 20230123134057.0
040 _cNUST
942 _cBOOKS
_kTC401
_mWAT
999 _c159624
_d159624